Voyage of H. M. S. BLONDE to the Sandwich Islands.
Uloženo v:
| Hlavní autor: | |
|---|---|
| Médium: | Kniha |
| Jazyk: | angličtina |
| Vydáno: |
London, England, United Kingdom
John Murray, Albemarle street
1826
|
| Témata: | |
| Tagy: |
Přidat tag
Žádné tagy, Buďte první, kdo vytvoří štítek k tomuto záznamu!
|
MARC
| LEADER | 00000nam a2200000 a 4500 | ||
|---|---|---|---|
| 001 | UCJ3744 | ||
| 003 | CL-VaPUC | ||
| 005 | 20250228151543.0 | ||
| 008 | 070124e18260000UK |||||||||||||||||eng|d | ||
| 999 | |c 319866 |d 319864 | ||
| 040 | |c Pontificia Universidad Católica de Valparaíso | ||
| 082 | 0 | 4 | |a 910.4 BYR 1826 |2 21 |
| 100 | 0 | |a Byron, George Gordon |9 338721 | |
| 245 | 1 | 0 | |a Voyage of H. M. S. BLONDE to the Sandwich Islands. |
| 260 | 0 | 3 | |a London, England, United Kingdom |b John Murray, Albemarle street |c 1826 |
| 300 | |a 260 páginas. | ||
| 500 | |a 4° mayor, media pasta tafilete.- 2 h. prels.- Front.: vista de un volcán en Hawaii, grabado.- Port.- v.: pié de imprenta. Contiene todas las ilustraciones, plano y mapa con el track de la Blonde señalados en índice | ||
| 583 | |a last modification |c 20131003 03:29:10 |k Rodrigo Vera | ||
| 650 | 0 | |a Viajes |9 257115 | |
| 650 | 0 | |a Descubrimientos geográficos |9 331933 | |
| 650 | 0 | |a Misioneros |9 324171 | |
| 650 | 0 | |a Volcanismo |9 505517 | |
| 650 | 0 | |a Aborígenes |9 329972 | |
| 650 | 0 | |a Ilustraciones |9 369481 | |
| 650 | 0 | |a Iconografía |9 267998 | |
| 650 | 0 | |a Mapas |9 260844 | |
| 942 | |c BK |2 ddc | ||
| 945 | |d 20070124 00:00:00 |a rinostro | ||
| 952 | |0 0 |1 0 |2 ddc |4 0 |6 910_400000000000000_BYR_1826 |7 0 |8 X |9 398265 |a FDOBUD |b FDOBUD |d 2019-11-22 |i 1006304 |o 910.4 BYR 1826 |p 1006304 |r 2019-11-22 |t 1 |w 2019-11-22 |y BK_X |k BUD | ||